| 000 | 00646nam a2200241Ia 4500 | ||
|---|---|---|---|
| 003 | OSt | ||
| 005 | 20220918192929.0 | ||
| 006 | a|||||r|||| 00| 0 | ||
| 007 | ta | ||
| 008 | 220917b |||||||| |||| 00| 0 eng d | ||
| 024 | _a71,109 | ||
| 037 | _cTextual | ||
| 040 |
_aARTS _cARTS _beng |
||
| 041 |
_2eng _aeng |
||
| 082 | _aR39(Z,95), K9 | ||
| 100 |
_aActon H B Ed. _980651 |
||
| 245 | 0 |
_aPhilosophy of punishment _b a collection of papers |
|
| 260 |
_aLondon _bMacmillan UK _c1969 |
||
| 300 |
_a238p. _ccm. |
||
| 650 | _aPHILOSOPHY | ||
| 942 |
_hR39(Z,95), K9 _cTEXL _2CC |
||
| 999 |
_c197188 _d197188 |
||